Introduction to cybersecurity: Concepts, principles, technologies and practices (Record no. 397211)

MARC details
000 -LEADER
fixed length control field 00548 a2200193 4500
005 - DATE & TIME
control field 20260417113322.0
008 - FIXED-LENGTH DATA ELEMENTS--GENERAL INFORMATION
fixed length control field 260416b |||||||| |||| 00| 0 eng d
020 ## - ISBN
International Standard Book Number 9789393330314
Price Rs. 750.00
040 ## - CATALOGING SOURCE
Original cataloging agency VIVEKANANDA LIBRARY
082 ## - DDC NUMBER
Classification number 005.8
Book Number A18I
100 ## - MAIN ENTRY--PERSONAL NAME
Personal name Singh, Ajay
245 ## - TITLE STATEMENT
Title Introduction to cybersecurity: Concepts, principles, technologies and practices
260 ## - PUBLICATION, DISTRIBUTION, ETC. (IMPRINT)
Name of publisher, distributor, etc University Press
Date of publication, distribution, etc 2023
Place of publication, distribution, etc New Delhi
300 ## - PHYSICAL DESCRIPTION
Pages xiv, 312
650 ## - Subject
Subject Computer Science
650 ## - Subject
Subject Computer Programming
650 ## - Subject
Subject Data security
942 ## - ADDED ENTRY ELEMENTS (KOHA)
Koha item type Books
Holdings
Withdrawn status Lost status Source of classification or shelving scheme Damaged status Not for loan Location (home branch) Sublocation or collection (holding branch) Shelving location Date acquired Koha issues (times borrowed) Koha full call number Accession No. Koha date last seen Koha item type
    Dewey Decimal Classification     VIVEKANANDA LIBRARY VIVEKANANDA LIBRARY UIET Library 12/03/2026   005.8 A18I 431057 12/03/2026 Books
© Designed and Maintained by Vivekananda Library, MDU Rohtak